Cuentos iniciales / (Registro nro. 3244)

Detalles MARC
000 -LEADER
fixed length control field 01075nam a2200205 a 4500
008 - CAMPO DE CONTROL (LIBRO)
fixed length control field 180918t2021 ag a|||g||||| 001 1 spa d
020 ## - INTERNATIONAL STANDARD BOOK NUMBER
ISBN 9789878827056
041 ## - CODIGO DE IDIOMA
Código de idioma del texto/pista de sonido o título separado spa
092 ## - SIGNATURA TOPOGRAFICA DEWEY LOCAL
número de clasificación 808
libristica 13
sección COS
100 1# - ENTRADA PRINCIPAL--NOMBRE PERSONAL
Nombre personal Costantini, Pablo
9 (RLIN) 3297
245 ## - TITULO PROPIAMENTE DICHO
Título Cuentos iniciales /
Mención de responsabilidad y remanente de la transcripción de la portada Pablo Costantini
250 ## - MENCION DE EDICION
Mención de edición 1a ed.
260 ## - PIE DE IMPRENTA
Lugar de publicación, distribución, etc Neuquén:
Nombre de la editorial, distribuidor, etc Itinerarte;
Fecha de publicación 2021.
300 ## - DESCRIPCION FISICA
Extension 226 p.
Otros detalles físicos il.
Dimensiones 21x15cm
500 ## - NOTA GENERAL
Nota general Costantini, P. (2021). Cuentos iniciales. (1a ed.). Neuquén : Itinerarte.
505 ## - NOTA DE CONTENIDO
Nota de contenido formateada Son cuentos de ficción de temática ecléctica. Es una selección de quince cuentos que fueron surgiendo mientras buscábamos (y aún buscamos) terminar una novela; son quince frutos de ejercitar lo estilístico, lo temático y, fundamentalmente, lo lúdico. En ese sentido, no quieren más que entretener y sólo aspiran a ser un buen comienzo. La inclusión de algunos temas de ficción clásicos fue inconsciente y sospecho que responden a una filogenia como lector.
590 ## - NOTAS LOCALES (RLIN)
Nota local Donación Abril 2025, Costantini, Pablo.
655 ## - MATERIA - GENERO/FORMA
Género/Forma Cuentos
-- 2945
942 ## - ADDED ENTRY ELEMENTS (KOHA)
Source of classification or shelving scheme Dewey Decimal Classification
Item type LITERATURA
Existencias
Estado de retiro Existencia Fuente de clasificación Estado general No para prestamo Colección Ubicación permanente ubicación actual Sala de ubicación Fecha de adquisición Fuente de adquisición Total Checkouts Número de clasificación Código de barras Date last seen Número de ejemplar Price effective from Koha tipo de elemento (item) Public note Coded location qualifier
    Dewey Decimal Classification     Fiction Biblioteca Medicina Biblioteca Medicina Circulación 21/04/2025 Donación Pablo Costantini, Abril 2025   808 13 COS 4998 21/04/2025 Ej. 1 21/04/2025 LITERATURA Donación Pablo Costantini, Abril 2025  
    Dewey Decimal Classification     Fiction Biblioteca Medicina Biblioteca Medicina Circulación 21/04/2025 Donación Pablo Costantini, Abril 2025   808 13 COS 4999 21/04/2025 Ej. 2 21/04/2025 LITERATURA Donación Pablo Costantini, Abril 2025  
    Dewey Decimal Classification     Fiction Biblioteca Medicina Biblioteca Medicina Circulación 21/04/2025 Donación Pablo Costantini, Abril 2025   808 13 COS 5000 21/04/2025 Ej. 3 21/04/2025 LITERATURA Donación Pablo Costantini, Abril 2025  

UNIVERSIDAD NACIONAL DEL COMAHUE
Biblioteca de la Facultad de Ciencias Médicas
Sede Toschi: Los Arrayanes y Av. Toschi, Cipolletti  - Rio Negro
Sede Los Tordos:  Yrigoyen al 2211, Cipolletti - Rio Negro 

Teléfono: 0299 - 4774707 int 25
Contacto: biblioteca@facimed.uncoma.edu.ar
© 2011 - 2026